Statistics for Countries by Landscape in Africa

Click here to take the quiz!

General Stats

  • This quiz has been taken 10 times
  • The average score is 9 of 18

Answer Stats

Answer% Correct
Egypt
86%
Mozambique
71%
Namibia
71%
South Africa
71%
Tanzania/Kenya
71%
Madagascar
57%
Morocco
57%
South Africa
57%
Algeria
43%
Ethiopia
43%
Madagascar
43%
Nigeria
43%
Rwanda
43%
Seychelles
43%
Algeria
29%
Gabon
29%
Malawi
29%
Sierra Leone
29%

Score Distribution

Percentile by Number Answered

Percent of People with Each Score

Your Score History

You have not taken this quiz